000 00406nam a22001457a 4500
005 20171205151838.0
008 171205b xxu||||| |||| 00| 0 eng d
041 _aeng
082 _a622.1
100 _aPRADHAN, PROF . G.K.
_94002
245 _aHANDBOOK OF MINING ENGINEERING MULTIPLE CHOICE QUESTION
_cPROF. G. K. PRADHAN
260 _a SATNA (M.P.)
_bAKS UNIVERSITY
_c2016
300 _a376p,
942 _cBK
999 _c5656
_d5654